Pojistné podvody v souvislosti s pojištěním letadel
Letecká činnosť a letecká doprava. Príčiny leteckých nehôd. Poistenie prevádzkovaných lietadiel. Likvidácia poistnej udalosti.
Salvato in:
| Autore principale: | |
|---|---|
| Natura: | Capitolo di libro |
| Lingua: | ceco |
| Soggetti: | |
| Tags: |
Nessun Tag, puoi essere il primo ad aggiungerne!!
|
MARC
| LEADER | 00000naa$a2200000$$$4500 | ||
|---|---|---|---|
| 001 | 0065002 | ||
| 005 | 20230927103119.9 | ||
| 041 | 0 | |a cze | |
| 044 | |a CZ | ||
| 245 | 1 | 0 | |a Pojistné podvody v souvislosti s pojištěním letadel |c Vlastimil Pršal |
| 520 | |a Letecká činnosť a letecká doprava. Príčiny leteckých nehôd. Poistenie prevádzkovaných lietadiel. Likvidácia poistnej udalosti. | ||
| 610 | 2 | 0 | |a poistenie |
| 610 | 2 | 0 | |a lietadlá |
| 610 | 2 | 0 | |a podvody poisťovacie |
| 610 | 2 | 0 | |a udalosti poistné |
| 100 | 1 | |a Pršal, Vlastimil | |